000 00964cam a22002411 4500
001 8722757
003 OSt
005 20141006093151.0
008 801114s1921 tnucf 000 0 eng
010 _a 21011796
035 _a(OCoLC)6937201
040 _aDLC
_cTNJ
_dOCoLC
_dDLC
050 0 0 _aBV3625.K6
_bR4
100 1 _aReeve, Thomas Ellis.
_932109
245 1 0 _aIn Wembo-Nyama's land,
_ba story of the thrilling experiences in establishing the Methodist mission among the Atetela,
_cby the Reverend Thomas Ellis Reeve.
260 _aNashville, Tenn.,
_aDallas, Tex. [etc.]
_bPublishing House of the M.E. Church, South,
_c1921.
300 _a208 p.
_bfront. (group port.) plates.
_c20 cm.
610 2 0 _aMethodist Episcopal Church, South
_xMissions.
_932110
650 0 _aMissions
_zCongo (Democratic Republic)
_932111
651 0 _aCongo (Democratic Republic)
_xSocial conditions.
_932112
906 _a7
_bcbc
_coclcrpl
_du
_encip
_f19
_gy-gencatlg
942 _2lcc
_cBK
999 _c60409
_d60383